Tu di quan li he li yi shi jiao xia de nong cun ji ti jian she yong di liu zhuan yan jiu /
Saved in:
| Main Authors: | , |
|---|---|
| Format: | Book |
| Language: | Chinese |
| Published: |
Beijing Shi :
Jing ji ke xue chu ban she,
2016.
|
| Edition: | Di 1 ban. |
| Subjects: | |
| Tags: |
Add Tag
No Tags, Be the first to tag this record!
|
| LEADER | 01503cam a2200397Ii 4500 | ||
|---|---|---|---|
| 001 | 13012264 | ||
| 005 | 20180219161620.0 | ||
| 008 | 161102s2016 cc d b 000 0 chi d | ||
| 020 | |a 9787514163896 | ||
| 020 | |a 7514163891 | ||
| 035 | |a (OCoLC)961995559 | ||
| 035 | |a (OCoLC)ocn961995559 | ||
| 035 | |a (HKUL)57489981 | ||
| 035 | |a (NNC)13012264 | ||
| 040 | |a HUA |b eng |e rda |c HUA | ||
| 043 | |a a-cc--- | ||
| 050 | 4 | |a HD928 |b .C4483 2016 | |
| 066 | |c $1 | ||
| 100 | 1 | |6 880-01 |a Chen, Yuanhong, |d 1964- |e author. | |
| 245 | 1 | 0 | |6 880-02 |a Tu di quan li he li yi shi jiao xia de nong cun ji ti jian she yong di liu zhuan yan jiu / |c Chen Yuanhong, Liu Dongchun zhu. |
| 250 | |6 880-03 |a Di 1 ban. | ||
| 264 | 1 | |6 880-04 |a Beijing Shi : |b Jing ji ke xue chu ban she, |c 2016. | |
| 300 | |a 3, 3, 269 pages : |b charts ; |c 24 cm | ||
| 336 | |a text |2 rdacontent | ||
| 337 | |a unmediated |2 rdamedia | ||
| 338 | |a volume |2 rdacarrier | ||
| 504 | |a Includes bibliographical references (pages 261-268) | ||
| 650 | 0 | |a Land titles |x Registration and transfer |z China. | |
| 650 | 0 | |a Land use, Rural |z China. | |
| 700 | 1 | |6 880-05 |a Liu, Dongchun, |d 1986- |e author. | |
| 880 | 1 | |6 100-01/$1 |a 陈元红, |d 1964- |e author. | |
| 880 | 1 | 0 | |6 245-02/$1 |a 土地权利和利益视角下的农村集体建设用地流转研究 / |c 陈元红, 刘冬春著. |
| 880 | |6 250-03/$1 |a 第1版. | ||
| 880 | 1 | |6 264-04/$1 |a 北京市 : |b 经济科学出版社, |c 2016. | |
| 880 | 1 | |6 700-05/$1 |a 刘冬春, |d 1986- |e author. | |
| 852 | 0 | 0 | |b eax |h HD928 |i .C4483 2016 |


